Welsh-Language UK Train Stations Starting With Y/Yr - Statistics

General Stats
  • This quiz has been taken 24 times
  • The average score is 9 of 18
Answer Stats
Station name in Welsh Station name in English % Correct
Y Barri Barry
96%
Y Fenni Abergavenny
91%
Y Rhyl Rhyl
87%
Y Fflint Flint
83%
Y Borth Borth
70%
Y Drenewydd Newtown
61%
Y Rhws Rhoose
61%
Y Fali Valley
61%
Y Bermo Barmouth
48%
Y Pîl Pyle
48%
Yr Eglwys Wen Whitchurch (Shropshire)
48%
Y Trallwng Welshpool
35%
Yr Eglwys Newydd Whitchurch (Cardiff)
35%
Yr Hôb Hope
26%
Y Waun Chirk
22%
Y Felin-wyllt Wildmill
22%
Y Tyllgoed Fairwater
17%
Yr Heledd-Wen Nantwich
17%
No matching quizzes found
Score Distribution
Percent of People with Each Score
Percentile by Number Answered
Your Score History
You have not taken this quiz